| 000 | 00846nam a2200241 a 4500 | ||
|---|---|---|---|
| 001 | 000046699 | ||
| 003 | DO-SdBNP | ||
| 005 | 20240302073957.0 | ||
| 008 | 110224s2017 dr a 000 0 spa d | ||
| 020 | _a9789945907315 | ||
| 040 |
_aDO-SdBNP _bspa _cBNPHU |
||
| 082 |
_a923.57293 _bG633D, 2017 |
||
| 100 | 1 |
_aGómez, Máximo, _d1836-1905 _912249 |
|
| 245 | 1 | 0 |
_aDiario de campaña de Máximo Gómez / _cMáximo Gómez. |
| 260 |
_aBaní, República Dominicana : _bFundación Máximo Gómez, _c2017. |
||
| 300 |
_av. ; : _bil. ; _c22 cm. |
||
| 500 | _aLa biblioteca posee el volumen I | ||
| 590 | _aInventariado, 2018/ YL | ||
| 600 | 1 | 0 |
_aGómez, Máximo, _d1836-1905 _912249 |
| 651 | 4 |
_aCuba _xHistoria _yGuerra de los diez años, 1868-1878 _911018 |
|
| 651 | 4 |
_aCuba _xHistoria _yGuerra de independencia, 1895-1898 _911019 |
|
| 942 |
_2ddc _cLBS1 |
||
| 999 |
_c46188 _d46188 |
||